000 01090nam a2200253Ia 4500
003 OSt
005 20221005110327.0
006 a|||||r|||| 00| 0
007 ta
008 221004b |||||||| |||| 00| 0 hin d
020 _a8179750647 (hbk)
_c250
024 _a97598
037 _b429, 25/03/2009, Swaraj Prakashan
_cTextual
040 _aCRL
_cCRL
_bhin
041 _2hin
_ahin
082 _aQ298.25296, 152P3
100 _aपाण्डेय, विजय कुमार
245 0 _aइतिहास एंव पुरातत्व में अयोध्या की हनुमानगढ़ी
246 _aItihās eanva purātatva mean ayodhyā kī hanumānagaढ़ī
260 _aनई दिल्ली
_bअनामिका पब्लिशर्स एण्ड डिस्ट्रीब्यूटर्स भारत
_c2003
300 _a82पृ0
_ccm.
942 _hQ298.25296, 152P3
_cTEXL
_2cc
999 _c1018464
_d1018464